Polsko-czechoslowackie stosunki polityczne 1945-1948

Saved in:
Bibliographic Details
Main Author: Kaminski, Marek Kazimierz
Format: Book
Language:Polish
Published: Warszawa Wyd. Naukowe 1990
Edition:1. wyd.
Tags: Add Tag
No Tags, Be the first to tag this record!

MARC

LEADER 00000nam a2200000 4500
001 c036717
005 20250225072614.8
041 0 |a pol 
044 |a PL 
245 1 0 |a Polsko-czechoslowackie stosunki polityczne 1945-1948  |c Marek Kazimierz Kaminski 
250 |a 1. wyd. 
264 1 |a Warszawa  |b Wyd. Naukowe  |c 1990 
300 |a 407 s. 
100 1 |a Kaminski, Marek Kazimierz